000 005960000a22001450004500
003 MACL
005 20190607151800.0
008 190607b xxu||||| |||| 00| 0 eng d
040 _aMACL
_cmacl
100 _a…,…·…Ý…_……_…"…_ƒ__……_…ý…,……_…,̜…Ư…_. …,……_ƒ__…_…̆…_…̜…
_975257
245 _aरोग और उन‍की होम्‍योपैथिक चिकित्‍साा
260 _b…"…ý…_ƒ__…Ư …Œ…_…̜……_……"
650 _aचिकित्‍सा
_951793
942 _cHIN
_k610
_2ddc
999 _c27208
_d27208